[Event "World Senior Teams +65"]
[Site "Radebeul GER"]
[Date "2016.07.02"]
[Round "7.1"]
[Board "4"]
[White "Singer, Hans"]
[Black "Pushkov, Nikolai"]
[Result "1-0"]
[WhiteTitle "FM"]
[BlackTitle "GM"]
[WhiteElo "2191"]
[BlackElo "2315"]
[WhiteTeam "Austria"]
[BlackTeam "Russia 65+"]
[WhiteFideId "1600800"]
[BlackFideId "4117131"]
[EventDate "2016.06.26"]

1. Nf3 Nf6 2. d4 e6 3. Bg5 d5 4. e3 Be7 5. c4 Ne4 6. Bxe7 Qxe7 7. Nbd2 O-O 8.
Bd3 Nxd2 9. Qxd2 dxc4 10. Bxc4 b6 11. O-O Bb7 12. Qe2 Nd7 13. Bb5 Rfd8 14. Rac1
Qd6 15. Rfd1 Nf6 16. Ba6 Bd5 17. Bc4 Rac8 18. Bxd5 exd5 19. Qa6 c5 20. b3 Qe7
21. Rc2 Rc7 22. dxc5 bxc5 23. Qa5 Rdc8 24. Rdc1 Qd6 25. h3 Qb6 26. Qa4 a5 27.
Qf4 Ne4 28. Qf5 Rd8 29. Ng5 Nf6 30. Nf3 h6 31. Qf4 Ne4 32. Nd4 a4 33. b4 c4 34.
Qe5 Rcd7 35. a3 Nf6 36. Qg3 Kh7 37. f3 Re8 38. Rc3 g6 39. Qf2 Rde7 40. Rd1 Nd7
41. Nc2 Qf6 42. Qd2 Ne5 43. Ne1 Nd3 44. Nc2 d4 45. Rxc4 Nb2 46. Qxd4 Qe6 47. Rc3
Nxd1 48. Qxd1 Qa2 49. e4 Qe6 50. Ne3 Qb6 51. Kh1 Rd8 52. Nd5 Re6 53. Qg1 Qxg1+
54. Kxg1 f5 55. Rc7+ Kh8 56. Nf4 Red6 57. exf5 gxf5 58. Ra7 R8d7 59. Rxa4 Rd4
60. Nh5 Rc7 61. Ra6 Rc1+ 62. Kh2 Kh7 63. Kg3 Rb1 64. Nf4 Rb3 65. h4 Rc4 66. h5
Rcc3 67. Rf6 Rxa3 68. Rxf5 Rcb3 69. Nd5 Ra2 70. Rf7+ Kg8 71. Rb7 Rbb2 72. Nf4
Ra4 73. Nd5 Raa2 74. Ne3 Re2 75. Kf4 Ra4 76. g4 Rb2 77. Nd5 Rd2 78. Ke5 Ra8 79.
Nf6+ Kf8 80. Kf5 1-0

[Event "World Senior Teams +65"]
[Site "Radebeul GER"]
[Date "2016.07.02"]
[Round "7.2"]
[Board "2"]
[White "Mishuchkov, Nikolai M."]
[Black "James, Geoffrey H"]
[Result "1-0"]
[WhiteTitle "IM"]
[BlackTitle "CM"]
[WhiteElo "2306"]
[BlackElo "2203"]
[WhiteTeam "Sankt-Petersburg"]
[BlackTeam "England 1"]
[WhiteFideId "4102401"]
[BlackFideId "402346"]
[EventDate "2016.06.26"]

1. d4 Nf6 2. Nf3 e6 3. c4 Bb4+ 4. Nbd2 O-O 5. a3 Bxd2+ 6. Bxd2 Ne4 7. g3 b6 8.
Bg2 Bb7 9. O-O Nxd2 10. Qxd2 d6 11. d5 e5 12. e4 Nd7 13. b4 a5 14. Rfc1 Nf6 15.
Nh4 Bc8 16. c5 Bd7 17. cxd6 cxd6 18. Nf5 Bxf5 19. exf5 Qd7 20. Rc6 Rfb8 21. Re1
Ne8 22. f4 f6 23. b5 Ra7 24. Qf2 Rab7 25. g4 Kh8 26. fxe5 fxe5 27. g5 Qe7 28. h4
Qd8 29. a4 Rf7 30. Be4 Rfb7 31. Rec1 Kg8 32. Qg3 Kh8 33. Qg4 Qd7 34. Kh2 Qd8 35.
f6 gxf6 36. Rc8 Qe7 37. Qh5 1-0

[Event "World Senior Teams +65"]
[Site "Radebeul GER"]
[Date "2016.07.02"]
[Round "7.2"]
[Board "3"]
[White "Stokes, Michael"]
[Black "Karasev, Vladimir I"]
[Result "0-1"]
[BlackTitle "IM"]
[WhiteElo "2187"]
[BlackElo "2347"]
[WhiteTeam "England 1"]
[BlackTeam "Sankt-Petersburg"]
[WhiteFideId "442542"]
[BlackFideId "4103971"]
[EventDate "2016.06.26"]

1. e4 c5 2. d4 cxd4 3. c3 dxc3 4. Nxc3 e6 5. Nf3 Nc6 6. Bc4 a6 7. O-O b5 8. Bb3
Bb7 9. Qe2 Na5 10. Bc2 b4 11. Na4 Ne7 12. Be3 Nc8 13. Rfd1 Be7 14. Rd2 Qc7 15.
Rad1 d6 16. b3 Bc6 17. Nb2 O-O 18. Nd4 Bf6 19. Qh5 g6 20. Qg4 Bg7 21. Nc4 Nxc4
22. bxc4 Bb7 23. f4 Nb6 24. Bd3 e5 25. fxe5 Bxe5 26. Rf2 Nxc4 27. Bxc4 Qxc4 28.
Rc2 f5 29. exf5 Qf7 30. Rf2 Kh8 31. Rdf1 Rg8 32. Qh3 g5 33. Ne6 g4 34. Qh6 g3
35. hxg3 Rxg3 36. Ng5 Qg7 37. Qxg7+ Kxg7 38. f6+ Kg6 39. f7 Rxe3 40. Ne6 Bd5 41.
f8=Q Rxf8 42. Nxf8+ Kg7 43. Nd7 Ra3 44. Nxe5 dxe5 45. Rd1 Bxa2 46. Rf5 Ra5 47.
Rd6 b3 48. Rf2 Bb1 49. Rb6 Bc2 50. Rd2 Rb5 51. Rd7+ Kf8 52. Rxa6 Rb8 0-1

[Event "World Senior Teams +65"]
[Site "Radebeul GER"]
[Date "2016.07.02"]
[Round "7.2"]
[Board "4"]
[White "Blechzin, Igor"]
[Black "Farrand, Julian T"]
[Result "1-0"]
[WhiteTitle "IM"]
[WhiteElo "2349"]
[BlackElo "2048"]
[WhiteTeam "Sankt-Petersburg"]
[BlackTeam "England 1"]
[WhiteFideId "4116208"]
[BlackFideId "24602469"]
[EventDate "2016.06.26"]

1. Nf3 d6 2. d4 f5 3. g3 Nf6 4. Bg2 g6 5. O-O Bg7 6. c4 O-O 7. Nc3 Nc6 8. d5 Ne5
9. Nxe5 dxe5 10. c5 e6 11. e4 fxe4 12. d6 cxd6 13. cxd6 Bd7 14. Bg5 Qb6 15. Bxf6
Bxf6 16. Nxe4 Rac8 17. b4 Bg7 18. Nc5 Rxc5 19. bxc5 Qxc5 20. Rc1 Qb6 21. Qb3 Bb5
22. Qxe6+ Kh8 23. Rc8 Bxf1 24. Rxf8+ Bxf8 25. Qxe5+ 1-0

[Event "World Senior Teams +65"]
[Site "Radebeul GER"]
[Date "2016.07.02"]
[Round "7.3"]
[Board "1"]
[White "Boehnisch, Manfred"]
[Black "Rotstein, Jefim"]
[Result "1-0"]
[WhiteTitle "FM"]
[BlackTitle "FM"]
[WhiteElo "2302"]
[BlackElo "2332"]
[WhiteTeam "Schachfreunde Leipzig"]
[BlackTeam "Germany 2"]
[WhiteFideId "4611543"]
[BlackFideId "14101033"]
[EventDate "2016.06.26"]

1. e4 c5 2. Nf3 e6 3. b3 d6 4. g3 Nf6 5. Nc3 Nc6 6. Bg2 e5 7. d3 Be7 8. Nh4 Nd4
9. Ne2 Ng4 10. Nxd4 cxd4 11. Nf5 g6 12. Qxg4 gxf5 13. exf5 h5 14. Qf3 Qc7 15.
O-O Qxc2 16. Ba3 Qc7 17. Rfc1 Qd8 18. Rc2 Rb8 19. Rac1 Bg5 20. Bxd6 Qxd6 21.
Rxc8+ Ke7 22. f6+ 1-0

[Event "World Senior Teams +65"]
[Site "Radebeul GER"]
[Date "2016.07.02"]
[Round "7.3"]
[Board "2"]
[White "Khanukov, Boris"]
[Black "Schubert, Thomas"]
[Result "1/2-1/2"]
[WhiteTitle "IM"]
[BlackTitle "FM"]
[WhiteElo "2323"]
[BlackElo "2362"]
[WhiteTeam "Germany 2"]
[BlackTeam "Schachfreunde Leipzig"]
[WhiteFideId "4680898"]
[BlackFideId "4643038"]
[EventDate "2016.06.26"]

1. Nf3 Nf6 2. c4 c6 3. Nc3 d5 4. cxd5 cxd5 5. d4 Nc6 6. g3 Bf5 7. Bg2 e6 8. Nh4
Bg6 9. O-O Be7 10. Nxg6 hxg6 11. h3 O-O 12. Be3 Na5 13. b3 Rc8 14. Qd3 Qd7 15.
Na4 b6 16. Bd2 Nc6 17. a3 Ne4 18. Be3 Na5 19. Rfc1 Rxc1+ 20. Bxc1 Rc8 21. Qd1
Qc6 22. b4 Nc4 23. Bf1 a5 24. bxa5 bxa5 25. e3 f5 26. Kg2 Bd6 27. Bd3 Rb8 28.
Qc2 Rc8 29. Ra2 Rc7 30. Qb3 Rb7 31. Qc2 Rc7 32. Qd1 Rb7 33. g4 Rc7 34. f3 Nf6
35. Qb3 Rb7 36. Qc2 Rc7 37. Qb3 Rb7 38. Qc2 Rc7 39. Qd1 Rb7 40. Ra1 Nd7 41. Qc2
Rc7 42. Ra2 Be7 43. Kg1 Qd6 44. Qh2 Nce5 45. dxe5 Rxc1+ 46. Kg2 Qc6 47. Qf4 Rd1
48. Rc2 g5 49. Rxc6 gxf4 50. Be2 Rd2 51. Kf1 fxg4 52. hxg4 Bxa3 53. exf4 Rd4 54.
Nc3 Rxf4 55. Rxe6 Kf7 56. Ra6 Nxe5 57. Nxd5 Rd4 58. Rxa5 Bc1 59. Rc5 Bd2 60. Nc7
Bf4 61. Nb5 Rd2 62. Nc3 Rc2 63. Rc7+ Kf8 64. Rc8+ Kf7 65. Rc7+ Kf8 66. Nd5 Rxc7
67. Nxc7 Kf7 68. Nd5 g5 69. Nc3 Kg6 70. Bd1 Kg7 71. Ke2 Kg6 72. Bc2+ Kg7 73. Be4
Bc1 74. Kd1 Bb2 75. Nd5 Bd4 76. Kc2 Bc5 77. Kb3 Bd6 78. Ka4 Kf7 79. Kb5 Ke6 80.
Ne3 Bf8 81. Bd5+ Kd6 82. Bb7 Ke6 83. Nf5 Ng6 84. Kc4 Ke5 85. Nd4 Ba3 86. Bc6 Nh4
87. Ne2 Ng2 88. Nd4 Bb2 89. Ne2 Nf4 90. Ng3 Ng2 91. Kd3 Nf4+ 92. Kd2 Bd4 93. Bb7
Kf6 94. Ne4+ Kg6 95. Bc6 Nh3 96. Be8+ Kh7 97. Kd3 Bb6 98. Bf7 Kh6 99. Nd6 Ng1
100. Be6 Bc7 101. Nf5+ Kg6 102. Bd7 Kf6 103. Ke4 Ne2 104. Ke3 Ng3 105. Nh6 Kg7 1/2-1/2

[Event "World Senior Teams +65"]
[Site "Radebeul GER"]
[Date "2016.07.02"]
[Round "7.3"]
[Board "3"]
[White "Schoeneberg, Manfred"]
[Black "Salov, Sergej"]
[Result "1-0"]
[WhiteTitle "FM"]
[BlackTitle "IM"]
[WhiteElo "2245"]
[BlackElo "2198"]
[WhiteTeam "Schachfreunde Leipzig"]
[BlackTeam "Germany 2"]
[WhiteFideId "4611845"]
[BlackFideId "4107926"]
[EventDate "2016.06.26"]

1. Nf3 Nf6 2. c4 e6 3. g3 b6 4. Bg2 Bb7 5. O-O Be7 6. d4 d5 7. Nc3 O-O 8. cxd5
exd5 9. Ne5 Na6 10. Bg5 c5 11. e3 Nc7 12. dxc5 bxc5 13. Qa4 Qd6 14. Bf4 Qe6 15.
Nxf7 Rxf7 16. Bxc7 Ne8 17. Ba5 Bf6 18. Qb3 Bxc3 19. Bxc3 Nd6 20. Rad1 Ne4 21. f4
Re8 22. Be5 c4 23. Qa4 Qf5 24. Qxa7 Ra8 25. Qd4 Rxa2 26. Bxe4 Qxe4 27. Qxe4 dxe4
28. Rd8+ Rf8 29. Rd7 Rf7 30. Rfd1 Bc6 31. Rd8+ Rf8 32. Rxf8+ Kxf8 33. Rd8+ Ke7
34. Rc8 Bd7 35. Rxc4 Bf5 36. g4 Bxg4 37. Rxe4 g6 38. Rc4 h5 39. e4 h4 40. f5
gxf5 41. exf5 Bxf5 42. Rxh4 Ke6 43. Bc3 Ra1+ 44. Kf2 Rd1 45. Ke3 Bb1 46. Rh5 Bf5
47. h4 Rh1 48. Rh6+ Kd5 49. Kf4 Be6 50. Rh8 Rg1 51. Rd8+ Kc6 52. h5 Rg4+ 53. Ke5
Ba2 54. Kf5 Rg2 55. Rd2 Bb1+ 56. Kf6 Rg4 57. Rh2 Kd5 58. h6 Bh7 59. Rh5+ Kd6 60.
Rg5 Rh4 61. Be5+ Kc6 62. Kg7 Bb1 63. Bf6 Rh1 64. b4 Bd3 65. b5+ Kb7 66. Bd4 Rh4
67. Bc5 Rh3 68. Bf2 Rh2 69. Bc5 Rh3 70. Re5 Rf3 71. Re7+ Kc8 72. Re3 1-0

[Event "World Senior Teams +65"]
[Site "Radebeul GER"]
[Date "2016.07.02"]
[Round "7.3"]
[Board "4"]
[White "Gruzmann, Boris"]
[Black "Braun, Gottfried"]
[Result "1/2-1/2"]
[WhiteTitle "FM"]
[BlackTitle "FM"]
[WhiteElo "2202"]
[BlackElo "2240"]
[WhiteTeam "Germany 2"]
[BlackTeam "Schachfreunde Leipzig"]
[WhiteFideId "4105290"]
[BlackFideId "4611489"]
[EventDate "2016.06.26"]

1. e4 d6 2. d4 Nf6 3. Nc3 e5 4. Nge2 exd4 5. Nxd4 Be7 6. Bc4 O-O 7. O-O Nc6 8.
Nxc6 bxc6 9. h3 Nd7 10. f4 Nb6 11. Bd3 Bf6 12. Qf3 Bb7 13. Kh1 c5 14. Be3 Re8
15. Rae1 c4 16. Bxb6 cxd3 17. Ba5 dxc2 18. Qd3 Bxc3 19. Bxc3 c1=Q 20. Rxc1 Rxe4
21. Qg3 Qf8 22. Rf2 Rae8 23. Kh2 f5 24. Bd2 Qf7 25. Qa3 a6 26. Qa5 c5 27. Re1
Rxe1 28. Bxe1 Qd7 29. Bd2 Qc6 30. Qc3 Re4 31. Be3 Qd5 32. b3 Qe6 33. Rf3 Qe7 34.
Rg3 g6 35. Qc1 a5 36. Qc3 Qc7 37. Bc1 d5 38. Ba3 Rxf4 39. Bxc5 Re4 40. a3 Re2
41. Qd3 Re6 42. Bd4 f4 43. Rf3 Qc1 44. Bc3 Qxa3 45. Qb5 Qe7 46. Bxa5 Re2 47. Bb4
Qe4 48. Qxb7 Qxf3 49. Qc8+ Kf7 50. Qd7+ Kf6 51. Be7+ Ke5 52. Bd6+ Kf6 53. Be7+
Ke5 54. Bd6+ Kf6 1/2-1/2

[Event "World Senior Teams +65"]
[Site "Radebeul GER"]
[Date "2016.07.02"]
[Round "7.4"]
[Board "1"]
[White "Rahls, Peter"]
[Black "Lehmann, Karl-Heinz"]
[Result "1/2-1/2"]
[WhiteTitle "FM"]
[WhiteElo "2160"]
[BlackElo "2108"]
[WhiteTeam "Berlin"]
[BlackTeam "Stiftung BSW / DBAG I"]
[WhiteFideId "4613023"]
[BlackFideId "4617576"]
[EventDate "2016.06.26"]

1. e4 c5 2. Nf3 e6 3. c3 Nc6 4. d4 d5 5. e5 Qb6 6. a3 c4 7. Nbd2 Na5 8. g3 Bd7
9. Bg2 Ne7 10. O-O Nc8 11. Ng5 Be7 12. Nh3 Qc7 13. f4 g6 14. Rb1 Nb6 15. Nf3
O-O-O 16. Be3 Kb8 17. Nf2 h5 18. h3 Rdg8 19. Qe2 Qd8 20. h4 Nb3 21. Nh3 Rg7 22.
Nd2 Ba4 23. Rf2 Qd7 24. Rbf1 Bd8 25. Ng5 Nc8 26. f5 gxf5 27. Bf3 Nxd2 28. Qxd2
Rg6 29. Qe2 Rgh6 30. Kh2 Qe8 31. Nh3 R6h7 32. Nf4 f6 33. exf6 Bxf6 34. Nh3 Re7
35. Bg5 Qf7 36. Bxh5 Qg7 37. Bxf6 Qxf6 38. Bf3 Bc6 39. Re1 Nd6 40. Qe5 Qxe5 41.
Rxe5 Nf7 42. Re1 Ree8 43. Rfe2 Bd7 44. Nf4 Ng5 45. Kg2 Ne4 46. Bxe4 dxe4 47. Ng6
Rh7 48. Ne5 Rg8 49. Nxd7+ Rxd7 50. Rf2 Rdg7 51. Re3 Kc7 52. Kh3 Kd6 53. Rf4 Kd5
54. Kh2 Rg6 55. Kh3 R6g7 1/2-1/2

[Event "World Senior Teams +65"]
[Site "Radebeul GER"]
[Date "2016.07.02"]
[Round "7.4"]
[Board "3"]
[White "Neese, Hans-Joachim"]
[Black "Fleuch, Hans-Juergen"]
[Result "1-0"]
[WhiteTitle "FM"]
[WhiteElo "2159"]
[BlackElo "2078"]
[WhiteTeam "Berlin"]
[BlackTeam "Stiftung BSW / DBAG I"]
[WhiteFideId "4635019"]
[BlackFideId "4619617"]
[EventDate "2016.06.26"]

1. d4 g6 2. c4 Bg7 3. Nc3 c6 4. e4 d6 5. Be3 Qc7 6. Bd3 a6 7. Rc1 Nf6 8. f3 Nbd7
9. b4 O-O 10. Nge2 b6 11. O-O c5 12. Nd5 Qd8 13. a3 Bb7 14. Qb3 Bc6 15. Rfd1 Ne8
16. Bb1 e6 17. Ndc3 cxd4 18. Nxd4 Bb7 19. Nde2 Rc8 20. c5 dxc5 21. bxc5 b5 22.
a4 Qc7 23. axb5 Nxc5 24. Qa3 Qe5 25. f4 Qh5 26. Ng3 Qg4 27. Bxc5 Qxf4 28. Nce2
Qe5 29. bxa6 Bxa6 30. Bxf8 Bxe2 31. Bxg7 Kxg7 32. Nxe2 1-0

[Event "World Senior Teams +65"]
[Site "Radebeul GER"]
[Date "2016.07.02"]
[Round "7.4"]
[Board "4"]
[White "Goldberg, Valerij"]
[Black "Glatthor, Thomas"]
[Result "1-0"]
[WhiteElo "2123"]
[BlackElo "2042"]
[WhiteTeam "Stiftung BSW / DBAG I"]
[BlackTeam "Berlin"]
[WhiteFideId "4684370"]
[BlackFideId "24697400"]
[EventDate "2016.06.26"]

1. e4 d6 2. d4 Nf6 3. Nc3 g6 4. f3 Bg7 5. Be3 c6 6. Qd2 Nbd7 7. O-O-O O-O 8. g4
b5 9. Kb1 Qa5 10. Nd5 Qd8 11. Nxf6+ Nxf6 12. Bh6 Bxh6 13. Qxh6 Kh8 14. h4 Ng8
15. Qd2 h6 16. Be2 Qc7 17. f4 f5 18. h5 fxe4 19. hxg6 Kg7 20. Nh3 Kxg6 21. f5+
Kf7 22. Qf4 Ke8 23. Qxe4 d5 24. Qe3 Qd6 25. Nf4 Kd8 26. Bd3 Bd7 27. Rde1 Kc7 28.
Qd2 Rf6 29. Qa5+ Kb7 30. Ng6 Re8 31. a4 a6 32. axb5 axb5 33. Ne5 Ra8 34. Qd2
Raf8 35. Qe3 Bc8 36. Ng6 Re8 37. Qe5 Kc7 38. Re2 Bd7 39. Rhe1 Kd8 40. c3 Bc8 41.
Kc2 Bd7 42. Ra1 Kc7 43. Ree1 Kb6 44. Ra3 Rf7 45. Rea1 Bc8 46. Ra7 Bb7 47. R7a5
Nf6 48. Qe2 e6 49. Ne5 exf5 50. Bxb5 Rfe7 51. Bxc6 Bxc6 52. Qa6+ Kc7 53. Nxc6
Re2+ 54. Kb3 Qh2 55. R1a2 Ne4 56. Rxd5 1-0

[Event "World Senior Teams +65"]
[Site "Radebeul GER"]
[Date "2016.07.02"]
[Round "7.5"]
[Board "1"]
[White "Vogel, Jaap"]
[Black "Rooze, Jan"]
[Result "1/2-1/2"]
[WhiteTitle "FM"]
[BlackTitle "IM"]
[WhiteElo "2126"]
[BlackElo "2322"]
[WhiteTeam "Oranje 1"]
[BlackTeam "Belgium 1"]
[WhiteFideId "1000764"]
[BlackFideId "200050"]
[EventDate "2016.06.26"]

1. d4 Nf6 2. Nf3 e6 3. c4 Bb4+ 4. Nbd2 d6 5. a3 Bxd2+ 6. Qxd2 O-O 7. g3 Nbd7 8.
Bg2 e5 9. Qc2 exd4 10. Nxd4 a5 11. b3 Nc5 12. O-O Bd7 13. Bb2 Qc8 14. Rfe1 Re8
15. e4 Bh3 16. f3 Bd7 17. Rad1 Qb8 18. Kh1 Qa7 19. Bc3 Re7 20. Rb1 Qa6 21. a4
Rae8 22. Nb5 Bc6 23. Nd4 Bd7 1/2-1/2

[Event "World Senior Teams +65"]
[Site "Radebeul GER"]
[Date "2016.07.02"]
[Round "7.5"]
[Board "2"]
[White "Van Herck, Marcel"]
[Black "Ghijsen, Pim"]
[Result "1-0"]
[WhiteElo "2155"]
[BlackElo "2174"]
[WhiteTeam "Belgium 1"]
[BlackTeam "Oranje 1"]
[WhiteFideId "200344"]
[BlackFideId "1002201"]
[EventDate "2016.06.26"]

1. d4 Nf6 2. Nf3 d5 3. c4 c6 4. Nc3 e6 5. e3 Be7 6. Bd3 O-O 7. O-O Nbd7 8. e4
dxc4 9. Bxc4 b5 10. Bd3 b4 11. Na4 c5 12. dxc5 Nxc5 13. Nxc5 Bxc5 14. e5 Nd7 15.
Bxh7+ Kxh7 16. Ng5+ Kg6 17. Qd3+ f5 18. exf6+ Kxf6 19. Ne4+ Ke7 20. Bg5+ Rf6 21.
Bxf6+ gxf6 22. Nxc5 Nxc5 23. Qh7+ Kf8 24. Qh8+ Ke7 25. Qg7+ Ke8 26. Rad1 Nd7 27.
Qg8+ Ke7 28. Qh7+ Kf8 29. Rd3 Qe7 30. Qh8+ Kf7 31. Qh5+ Kf8 32. Qh8+ Kf7 33.
Qh5+ Kf8 34. Rg3 Qc5 35. Qh7 Ke8 36. Rd1 Nf8 37. Rg8 Bd7 38. Qxd7# 1-0

[Event "World Senior Teams +65"]
[Site "Radebeul GER"]
[Date "2016.07.02"]
[Round "7.5"]
[Board "3"]
[White "Westerveld, Wim"]
[Black "Schuermans, Robert"]
[Result "1/2-1/2"]
[WhiteElo "2157"]
[BlackElo "2128"]
[WhiteTeam "Oranje 1"]
[BlackTeam "Belgium 1"]
[WhiteFideId "1001310"]
[BlackFideId "200263"]
[EventDate "2016.06.26"]

1. b3 e5 2. Bb2 Nc6 3. e3 d5 4. Bb5 Bd6 5. f4 Qh4+ 6. g3 Qe7 7. Nf3 Bg4 8. h3
Bxf3 9. Qxf3 Nf6 10. Nc3 e4 11. Qg2 O-O 12. O-O-O a6 13. Be2 d4 14. exd4 Nxd4
15. Rhe1 Rfe8 16. Bd3 Nf3 17. Re2 Nd4 18. Re3 Ba3 19. Bxe4 Qc5 20. Rde1 c6 21.
Kb1 Bxb2 22. Kxb2 b5 23. Bd3 Rxe3 24. Rxe3 a5 25. Ne4 Qe7 26. Nxf6+ Qxf6 27. Kb1
a4 28. Qe4 g6 29. Qe5 Qd8 30. b4 a3 31. g4 Ne6 32. f5 Nc7 33. fxg6 hxg6 34. c3
Nd5 35. Rf3 Ra7 36. Be4 Nxb4 37. cxb4 Qxd2 38. Rd3 Qxb4+ 39. Kc1 Qc4+ 40. Kd1
Ra8 41. Bxg6 fxg6 42. Rd7 Qf1+ 43. Kd2 Qf2+ 44. Kd1 Qf1+ 45. Kd2 Qf2+ 46. Kd1 1/2-1/2

[Event "World Senior Teams +65"]
[Site "Radebeul GER"]
[Date "2016.07.02"]
[Round "7.5"]
[Board "4"]
[White "Maes, Valeer"]
[Black "Van Oosten, Arend"]
[Result "1/2-1/2"]
[WhiteElo "2084"]
[BlackElo "2082"]
[WhiteTeam "Belgium 1"]
[BlackTeam "Oranje 1"]
[WhiteFideId "201634"]
[BlackFideId "1006053"]
[EventDate "2016.06.26"]

1. d4 e6 2. Nf3 f5 3. Bg5 Nf6 4. Nbd2 d5 5. e3 Be7 6. Ne5 O-O 7. Be2 b6 8. O-O
Bb7 9. c4 c6 10. Rc1 Nfd7 11. Bxe7 Qxe7 1/2-1/2

[Event "World Senior Teams +65"]
[Site "Radebeul GER"]
[Date "2016.07.02"]
[Round "7.6"]
[Board "1"]
[White "Schmidt, Gerhard3"]
[Black "Harestad, Thor Geir"]
[Result "1-0"]
[BlackTitle "FM"]
[WhiteElo "2077"]
[BlackElo "2192"]
[WhiteTeam "Saxone"]
[BlackTeam "Norway 1"]
[WhiteFideId "12962260"]
[BlackFideId "1500414"]
[EventDate "2016.06.26"]

1. d4 g6 2. Nf3 Bg7 3. c4 c5 4. e3 Nf6 5. Nc3 O-O 6. Be2 b6 7. O-O d6 8. h3 Nc6
9. d5 Na5 10. e4 e6 11. Be3 exd5 12. cxd5 Re8 13. Nd2 a6 14. a4 Ra7 15. Bg5 Qc7
16. Rc1 Qb8 17. f4 Nd7 18. Bh4 Rc7 19. e5 dxe5 20. f5 Nf8 21. Bd3 c4 22. Bb1 b5
23. axb5 axb5 24. fxg6 hxg6 25. Nde4 f5 26. d6 Ra7 27. Nf6+ Bxf6 28. Bxf6 Re6
29. Be7 Nh7 30. Bxf5 gxf5 31. Rxf5 Raxe7 32. dxe7 Qa7+ 33. Kh1 Qxe7 34. Qh5 Nc6
35. Rcf1 Rf6 36. Rxf6 Nxf6 37. Qg6+ 1-0

[Event "World Senior Teams +65"]
[Site "Radebeul GER"]
[Date "2016.07.02"]
[Round "7.6"]
[Board "2"]
[White "Ulrichsen, Jarl H"]
[Black "Kahn, Peter"]
[Result "1-0"]
[WhiteTitle "FM"]
[WhiteElo "2187"]
[BlackElo "2097"]
[WhiteTeam "Norway 1"]
[BlackTeam "USV TU Dresden"]
[WhiteFideId "1500350"]
[BlackFideId "4686837"]
[EventDate "2016.06.26"]

1. b3 d5 2. Bb2 Nf6 3. e3 Bf5 4. f4 e6 5. Nf3 Be7 6. Nc3 O-O 7. Be2 c5 8. Ne5
Nc6 9. g4 Ne4 10. O-O Nxe5 11. gxf5 Nxc3 12. Bxc3 d4 13. Bb2 Nc6 14. fxe6 fxe6
15. Bc4 Qd6 16. f5 Ne5 17. Bxe6+ Kh8 18. exd4 cxd4 19. Qe2 Bf6 20. Qe4 Nc6 21.
Rf3 Rad8 22. Re1 Qc5 23. Kh1 Qa5 24. Rh3 Qe5 25. Qxe5 Bxe5 26. Re4 Bf6 27. c3
dxc3 28. Bxc3 h6 29. Rg3 Nd4 30. Rg6 Rfe8 31. Rxf6 gxf6 32. Bxd4 Rf8 33. Bc3 Kg7
34. Rd4 1-0

[Event "World Senior Teams +65"]
[Site "Radebeul GER"]
[Date "2016.07.02"]
[Round "7.6"]
[Board "3"]
[White "Petzold, Hans"]
[Black "Gundersen, Helge"]
[Result "1/2-1/2"]
[WhiteElo "2092"]
[BlackElo "2144"]
[WhiteTeam "USV TU Dresden"]
[BlackTeam "Norway 1"]
[WhiteFideId "24615676"]
[BlackFideId "1500465"]
[EventDate "2016.06.26"]

1. e4 e6 2. d4 d5 3. Nc3 Bb4 4. e5 Qd7 5. Bd3 b6 6. Bd2 Ba6 7. Bxa6 Nxa6 8. Qg4
Bf8 9. Qe2 Nb4 10. Be3 c5 11. Nf3 Nc6 12. O-O h5 13. Rad1 Nh6 14. Bxh6 Rxh6 15.
Rfe1 Be7 16. h4 Qb7 17. dxc5 bxc5 18. b3 Rb8 19. Na4 Qb4 20. g3 Qb5 21. Kg2 Qxe2
22. Rxe2 Rg6 23. Kh3 Rg4 24. c3 Rg6 25. Nh2 Rh6 26. f4 g6 27. Nf3 Rh8 28. Kg2
Rf8 29. Ng5 Rc8 30. Nh7 Rh8 31. Nf6+ Bxf6 32. exf6 d4 33. Nxc5 dxc3 34. Ne4 Rd8
35. Rxd8+ Kxd8 36. Nxc3 a6 37. Ne4 Kc7 38. Ng5 Rf8 39. Rd2 Nb4 40. a3 Nd5 41.
Ne4 a5 42. Kf3 Rb8 43. Rd3 Rb7 44. Nc5 Rb5 45. Ne4 Rb7 1/2-1/2

[Event "World Senior Teams +65"]
[Site "Radebeul GER"]
[Date "2016.07.02"]
[Round "7.6"]
[Board "4"]
[White "Sollid, Stein"]
[Black "Kneschke, Hansjuergen"]
[Result "1/2-1/2"]
[WhiteElo "2014"]
[BlackElo "2024"]
[WhiteTeam "Norway 1"]
[BlackTeam "USV TU Dresden"]
[WhiteFideId "1503057"]
[BlackFideId "24679720"]
[EventDate "2016.06.26"]

1. e4 e6 2. Nf3 d5 3. Nc3 Nf6 4. e5 Nfd7 5. d4 c5 6. dxc5 Bxc5 7. Bd3 Nc6 8. Bf4
h6 9. h4 Bb4 10. Kf1 Bxc3 11. bxc3 Nb6 12. Nd4 Nxd4 13. cxd4 Qe7 14. Qg4 Qf8 15.
h5 Bd7 16. Rh3 O-O-O 17. Qe2 Kb8 18. c4 dxc4 1/2-1/2

[Event "World Senior Teams +65"]
[Site "Radebeul GER"]
[Date "2016.07.02"]
[Round "7.7"]
[Board "1"]
[White "Liebert, Heinz"]
[Black "Renman, Nils-Gustaf"]
[Result "1/2-1/2"]
[WhiteTitle "IM"]
[BlackTitle "IM"]
[WhiteElo "2182"]
[BlackElo "2352"]
[WhiteTeam "Sachsen-Anhalt"]
[BlackTeam "Sweden 1"]
[WhiteFideId "4611438"]
[BlackFideId "1700367"]
[EventDate "2016.06.26"]

1. c4 c5 2. Nf3 Nc6 3. d4 cxd4 4. Nxd4 g6 5. e4 Bg7 6. Be3 Nf6 7. Nc3 Ng4 8.
Qxg4 Nxd4 9. Qd1 Ne6 10. Qd2 d6 11. Be2 O-O 12. O-O Nc5 13. f3 Be6 14. Rfd1 a6
15. Rac1 Re8 16. b4 Nd7 17. Nd5 Bxd5 18. Qxd5 b6 19. c5 bxc5 20. bxc5 Nxc5 21.
e5 Ne6 22. exd6 exd6 23. Bc4 Bb2 24. Rb1 Ba3 25. Rb7 Qf6 26. Qa5 Bc5 27. Bxc5
dxc5 28. Bxe6 Qxe6 29. Qxc5 Qxa2 30. h4 Qe2 31. Qd5 Qe6 32. Qxe6 Rxe6 33. Rdd7
Rf6 34. h5 gxh5 35. Rd5 a5 36. Rxh5 a4 37. Rhb5 Kg7 38. Rb2 Rc6 39. Ra2 Rc3 40.
Kh2 a3 41. Rb4 Ra5 42. Rb6 Ra4 43. Kg3 h5 44. Kh3 Ra5 45. Kg3 Ra4 46. Kh3 f6 47.
Kg3 Kg6 48. Rb5 h4+ 49. Kh2 Kf7 50. Rb6 Kg6 51. Rb5 f5 52. Rb8 Rd4 53. Ra8 Rdd3 1/2-1/2

[Event "World Senior Teams +65"]
[Site "Radebeul GER"]
[Date "2016.07.02"]
[Round "7.7"]
[Board "2"]
[White "Malmdin, Nils-Ake"]
[Black "Bondick, Karl-Heinz"]
[Result "1-0"]
[WhiteTitle "FM"]
[WhiteElo "2174"]
[BlackElo "2055"]
[WhiteTeam "Sweden 1"]
[BlackTeam "Sachsen-Anhalt"]
[WhiteFideId "1701584"]
[BlackFideId "4692071"]
[EventDate "2016.06.26"]

1. e4 e5 2. Nf3 f5 3. Nxe5 Nc6 4. d4 Qh4 5. Nf3 Qxe4+ 6. Be2 Nb4 7. Na3 Nd5 8.
O-O Bxa3 9. Ng5 Qh4 10. g3 Qh6 11. bxa3 f4 12. h4 Nge7 13. c4 Nc3 14. Qe1 Nxe2+
15. Qxe2 Qf6 16. Bxf4 O-O 17. Bxc7 h6 18. Ne4 Qg6 19. Bd6 Rf7 20. h5 Qe6 21. d5
Qh3 22. Nc3 1-0